ARRUPE JESUIT UNIVERSITY

CORONAVIRUS -STOP THE SPREAD - CLEAN,DISINFECT,COVER

Simon Vengayi Muzenda (Record no. 59651)

MARC details
000 -LEADER
fixed length control field 00532nam a2200217Ia 4500
003 - CONTROL NUMBER IDENTIFIER
control field 0100
005 - DATE AND TIME OF LATEST TRANSACTION
control field 20170601110921.0
008 - FIXED-LENGTH DATA ELEMENTS--GENERAL INFORMATION
fixed length control field 130303s9999 xx 000 0 und d
020 ## - INTERNATIONAL STANDARD BOOK NUMBER
International Standard Book Number 0869227807
040 ## - CATALOGING SOURCE
Transcribing agency ARRUPELIB
050 ## - LIBRARY OF CONGRESS CALL NUMBER
Classification number DT2984.M99B47 2004
300 ## - PHYSICAL DESCRIPTION
Other physical details 297p. 21cm.
100 ## - MAIN ENTRY--PERSONAL NAME
Personal name Bhebe, Ngwabi
9 (RLIN) 16865
245 ## - TITLE STATEMENT
Title Simon Vengayi Muzenda
245 ## - TITLE STATEMENT
Remainder of title the struggle for and liberation of Zimbabwe
260 ## - PUBLICATION, DISTRIBUTION, ETC. (IMPRINT)
Name of publisher, distributor, etc Mombo Press
Place of publication, distribution, etc Gweru
Date of publication, distribution, etc 2004
300 ## - PHYSICAL DESCRIPTION
Extent xi
600 ## - SUBJECT ADDED ENTRY--PERSONAL NAME
Personal name Muzenda, Simon Vengayi
9 (RLIN) 31880
650 ## - SUBJECT ADDED ENTRY--TOPICAL TERM
Topical term following geographic name as entry element National liberation movements
Geographic subdivision Zimbabwe
9 (RLIN) 14781
650 ## - SUBJECT ADDED ENTRY--TOPICAL TERM
Topical term following geographic name as entry element Zimbabwe
General subdivision History
-- Chimurenga war
9 (RLIN) 23123
942 ## - ADDED ENTRY ELEMENTS (KOHA)
Source of classification or shelving scheme Library of Congress Classification
Koha item type Monograph ( Printed materials)
Holdings
Withdrawn status Lost status Source of classification or shelving scheme Damaged status Not for loan Collection code Home library Current library Shelving location Date acquired Total Checkouts Full call number Barcode Date last seen Date checked out Copy number Price effective from Koha item type
    Library of Congress Classification     Main Collection ARRUPE LIBRARY ARRUPE LIBRARY   05/03/2013 9 DT2984.M99B47 2004 46003091894 04/03/2026 11/10/2023 1 05/03/2013 Monograph ( Printed materials)
    Library of Congress Classification     SPECIAL Collection ARRUPE LIBRARY ARRUPE LIBRARY REFERENCE 26/09/2017   SPC. DT2984.M99B47 2004 46500027874 26/09/2017   2   SPC

 

Arrupe Library. PO Box MP320 Mt Pleasant, Harare, Zimbabwe
263 242 745411|librarian@aju.ac.zw